|
|
|
|
| LEADER |
01397nam a22003252a 4500 |
| 001 |
000170084 |
| 003 |
CZ BrMZK |
| 005 |
20130725143448.0 |
| 007 |
ta |
| 008 |
010907s1975 xr a f cze d |
| 015 |
|
|
|a cnb000129532
|
| 035 |
|
|
|a (OCoLC)3405518
|
| 040 |
|
|
|a BOA001
|b cze
|
| 245 |
0 |
0 |
|a Paměť měst :
|b městské památkové rezervace v českých zemích /
|c napsal a fotografoval kolektiv autorů : Vladimír Fyman, ... ; odpovědná redaktorka Milena Freimanová
|
| 250 |
|
|
|a 1. vyd.
|
| 260 |
|
|
|a Praha :
|b Odeon,
|c 1975
|
| 300 |
|
|
|a 407 s.
|
| 490 |
1 |
|
|a Památky ;
|v sv. 28
|
| 700 |
1 |
|
|a Freimanová, Milena
|7 pag2008464201
|
| 700 |
1 |
|
|a Fyman, Vladimír,
|d 1923-2014
|7 jn19981001290
|
| 830 |
|
0 |
|a Památky (Odeon)
|0 s
|
| 856 |
4 |
1 |
|u http://www.digitalniknihovna.cz/mzk/uuid/uuid:9b3d49f0-f80b-11e2-9923-005056827e52
|y Digitalizovaný dokument
|x NDK
|
| 910 |
|
|
|a BOA001
|b PK-N-0016.932
|b 4-0737.868
|b TK-A-0182.958
|
| 920 |
|
|
|a 000284320
|
| 920 |
|
|
|a 000777700
|
| 964 |
|
|
|a Rezervace památkové městské - země české - publikace obrazové
|
| 990 |
|
|
|a BK
|
| 996 |
6 |
|
|b 2619887097
|c 4-0737.868
|l MZK
|r Sklad / do 1 hodiny
|n 1
|w 000170084
|u 000020
|a 1
|e BOA001
|j MZK50
|s P
|
| 996 |
6 |
|
|b 2629955422
|c TK-A-0182.958
|l MZK
|r Sklad / do 24 hodin
|n 2
|w 000170084
|u 000030
|a 1
|e BOA001
|j MZK50
|s P
|
| 996 |
7 |
|
|b 3119943231
|c PK-N-0016.932
|l MZK
|r Sklad / do 1 hodiny
|n 2
|w 000170084
|u 000010
|a 1
|e BOA001
|j MZK50
|s A
|